| 000 | 00890cab a2200289 4500 | ||
|---|---|---|---|
| 001 | ABS47035 | ||
| 008 | 090401t1992 xxu||||| |||| 00| 0 eng d | ||
| 035 | _a(Sirsi) u60498 | ||
| 041 | _aeng | ||
| 100 | _aCramer-Webb, A. | ||
| 245 | _aCoastal look-out | ||
| 260 | _c1992 | ||
| 350 | _a0 | ||
| 490 |
_aCS Monthly _bthe Building Surveyor _v2(1) September 1992, 14-15(2) |
||
| 520 | _aLists the principal defects likely to be found in coastal structures as a guide for building surveyors. It concentrates on the problems caused by salt corrosion. | ||
| 650 | _aBIRDS | ||
| 650 | _aCAST IRON | ||
| 650 | _aEMBEDDED STEELWORK | ||
| 650 | _aMARINE PAINTING | ||
| 650 | _aMASONRY | ||
| 650 | _aSTEEL | ||
| 650 | _aWEATHER | ||
| 690 | _aBUILDING AND CONSTRUCTION-DEFECTS AND FAILURES | ||
| 690 | _aBUILT ENVIRONMENT-BUILDING INSPECTION | ||
| 942 | _n0 | ||
| 948 | _c04/03/1997 | ||
| 999 |
_c37324 _d37324 |
||